LEADER 00777cam2 22002531 450 001 SOBE00080173 005 20240503083756.0 100 $a20240503d1981 |||||ita|0103 ba 101 $aita 102 $aIT 200 0 $a1$fAngelo Dus 210 $aTorino$cUTET$dc1981 215 $aXXVII, 496 p.$d25 cm 461 1$1001E600200029899$12001 $a<>imposta sul valore aggiunto / Angelo Dus 700 1$aDus$b, Angelo$3A600200043696$4070$0239582 801 0$aIT$bUNISOB$c20240503$gRICA 850 $aUNISOB 852 $aUNISOB$j340$m122700 912 $aSOBE00080173 940 $aM 102 Monografia moderna SBN 941 $aW 957 $a340$b005940$i-1$gSI$d122700$1rovito$2UNISOB$3UNISOB$420240503083548.0$520240503083756.0$6rovito 996 $a1$94164974 997 $aUNISOB LEADER 02606oas 2200949 a 450 001 9910134083603321 005 20251105213014.0 011 $a1573-8841 035 $a(DE-599)ZDB2160928-7 035 $a(OCoLC)55990416 035 $a(CONSER) 2004700271 035 $a(CKB)111022269532052 035 $a(EXLCZ)99111022269532052 100 $a20040722a20049999 sy 101 0 $aeng 135 $aurcn||||||||| 181 $ctxt$2rdacontent 182 $cc$2rdamedia 183 $acr$2rdacarrier 200 00$aInternational journal of mechanics and materials in design 210 $aDordrecht $cKluwer$d2004- 210 31$a[Dordrecht] :$cSpringer Netherlands 215 $a1 online resource 311 08$a1569-1713 517 1 $aMechanics and materials in design 606 $aEngineering design$vPeriodicals 606 $aMechanics, Applied$vPeriodicals 606 $aMaterials science$vPeriodicals 606 $aMechanical engineering$vPeriodicals 606 $aConception technique$vPe?riodiques 606 $aMe?canique applique?e$vPe?riodiques 606 $aScience des mate?riaux$vPe?riodiques 606 $aMechanical engineering$2fast$3(OCoLC)fst01013375 606 $aEngineering design$2fast$3(OCoLC)fst00910453 606 $aMaterials science$2fast$3(OCoLC)fst01011957 606 $aMechanics, Applied$2fast$3(OCoLC)fst01013489 608 $aPeriodicals.$2fast 608 $aPeriodicals.$2lcgft 615 0$aEngineering design 615 0$aMechanics, Applied 615 0$aMaterials science 615 0$aMechanical engineering 615 6$aConception technique 615 6$aMe?canique applique?e 615 6$aScience des mate?riaux 615 7$aMechanical engineering. 615 7$aEngineering design. 615 7$aMaterials science. 615 7$aMechanics, Applied. 676 $a620.0042 801 0$bOUN 801 1$bOUN 801 2$bTJC 801 2$bMUQ 801 2$bMYG 801 2$bOCL 801 2$bOCLCQ 801 2$bUKMGB 801 2$bOCLCQ 801 2$bOCLCF 801 2$bOCLCO 801 2$bOCLCQ 801 2$bAU@ 801 2$bDLC 801 2$bNJT 801 2$bVT2 801 2$bSFB 801 2$bUBY 801 2$bCNMTR 801 2$bQGK 801 2$bKIJ 801 2$bBWN 801 2$bMM9 801 2$bOCLCO 801 2$bOCLCQ 801 2$bUAB 801 2$bOCLCL 801 2$bOCLCQ 906 $aJOURNAL 912 $a9910134083603321 996 $aInternational journal of mechanics and materials in design$92275585 997 $aUNINA